01300naa#a2200241#i#4500001004000000005001700040011001400057100004100071101000800112102000700120200027000127210019500397215001100592606004200603608004500645675007500690686003400765686006000799700005200859700005000911700006000961856003701021RU\FGKOU VO SPBU MVD ROSSII\bibl\11658620260702011500.4##a2071-8284##a20260630b2026####ek#y0rusy0150####ca0#aRUS##aRU1#aОпыт столкновения с агрессивным поведением учащихся у педагогов с разным уровнем мотивации к профессиональной деятельностиeЖурнальная статья1#aСанкт-ПетербургcСАНКТ-ПЕТЕРБУРГСКИЙ УНИВЕРСИТЕТ МИНИСТЕРСТВА ВНУТРЕННИХ ДЕЛ РОССИЙСКОЙ ФЕДЕРАЦИИd2026##a15 с.##aПсихология. 37.03.012local##aЖурнальная статья2local##aПсихологические исследования. 159.9.07zRUS##aПсихология. 882bbk##aСоциальная психология. 15.412grnti#1aРеанgАртур Александрович#1aЕгороваgАнна Викторовна#1aКоноваловgИван Александрович4#arussianjournaldeviantbehavior.ru